La dictadura del Trujillo (1930-1961) (Record no. 7559)

MARC details
000 -LEADER
campo de control de longitud fija 00393nam a2200145Ia 4500
001 - NÚMERO DE CONTROL
campo de control 2696
008 - DATOS DE LONGITUD FIJA--INFORMACIÓN GENERAL
campo de control de longitud fija 241024s9999 xx 000 0 und d
020 ## - NÚMERO INTERNACIONAL ESTÁNDAR DEL LIBRO
Número Internacional Estándar del Libro 978-9945-074-73-4
082 ## - NÚMERO DE LA CLASIFICACIÓN DECIMAL DEWEY
Número de clasificación RD/972.93053/SE474d/1930-1961
100 ## - ENTRADA PRINCIPAL--NOMBRE DE PERSONA
Nombre de persona Augusto Sención Villalona
245 #0 - MENCIÓN DEL TÍTULO
Título La dictadura del Trujillo (1930-1961)
260 ## - PUBLICACIÓN, DISTRIBUCIÓN, ETC.
Nombre del editor, distribuidor, etc. Ed. Búho
Fecha de publicación, distribución, etc. 2012
901 ## - ELEMENTOS DE DATOS A LOCAL LDA (RLIN)
a 27/12/2012 3:39:25 p.m.

No items available.

© 2024. Todos los Derechos Reservados. Desarrollado por IDEICE